| 000 | 00593nam a2200181 i 4500 | ||
|---|---|---|---|
| 001 | 91228 | ||
| 003 | ES-MaACL | ||
| 005 | 20250928145546.0 | ||
| 007 | t| | ||
| 008 | 050128s1961 ag ||||1| spa d | ||
| 100 | 1 |
_aLeopardi, Giacomo, _d1798-1837 _971704 |
|
| 245 | 1 | 0 |
_aLeopardi Cantos _b: (selección) / _cGiacomo Leopardi ; prólogo, traducción y notas de Diego Navarro. |
| 260 |
_aBuenos Aires : _bPlaza & Janés, _c[1961] |
||
| 300 |
_a127 p. ; _c18 cm. |
||
| 700 | 1 |
_aNavarro Gonçalvez, Diego _9156259 |
|
| 852 |
_aES-MaACL _jC-20301 _bR.49063 |
||
| 999 |
_c91228 _d91228 |
||